• 首页
  • 本馆介绍
  • 公告通知
  • 最新文献
  • 馆藏检索
  • 电子资源
  • 读者导购
  • 参考咨询
  • 我的图书馆
  • 登录
  • 详细信息显示
  • 放入我的书架
  • 预约/预借图书
  • 作者相关作品
  • 分类相关作品
  • 丛书相关作品
  • 出版社相关作品

书目信息

  • 表格格式
  • 工作单格式
  • 卡片格式
题名:
体育舞蹈
    
 
作者: 张清澍 编著
分册:  
出版信息: 北京   北京体育大学出版社  2004
页数: 223页
开本: 20cm
丛书名:
单 册:
中图分类: G89
科图分类:
主题词: 交际舞 , 文娱性体育活动
电子资源:
ISBN: 7-81051-104-1
000 00766nam0 2200229 450
001 0197028504
005 20061112094145.45
010    @a7-81051-104-1@dCNY14.00
100    @a20050222d2004 em y0chiy0110 ea
101 0  @achi
102    @aCN@b110000
105    @aak z 000yy
200 1  @a体育舞蹈@9ti yu wu dao@f张清澍等编著
210    @a北京@c北京体育大学出版社@d2004
215    @a223页@c图@d20cm
330    @a体育舞蹈融音乐、舞蹈、服装、风度、体态美于一体。既有丰富的艺术内涵又采用体育竞赛的形式, 既有观赏的价值又有参与的可能, 是陶冶情操, 锻炼体魄的“真正的艺术”。本书是体育院系专业教材。
606 0  @a交际舞
606 0  @a文娱性体育活动
690    @aG89@v4
701  0 @a张清澍@9zhang qing shu@4编著
801  0 @aCN@bNLC@c20061112
905    @a10447@dG89@e228
    
    体育舞蹈/张清澍等编著.-北京:北京体育大学出版社,2004
    223页:图;20cm
    
    
    ISBN 7-81051-104-1:CNY14.00
    体育舞蹈融音乐、舞蹈、服装、风度、体态美于一体。既有丰富的艺术内涵又采用体育竞赛的形式, 既有观赏的价值又有参与的可能, 是陶冶情操, 锻炼体魄的“真正的艺术”。本书是体育院系专业教材。
●
相关链接 在E读中查询图书 在五车中查询图书 在当当中查询图书 在豆瓣中查询图书


正题名:体育舞蹈     索取号:G89/228         预约/预借

序号 登录号 条形码 馆藏地/架位号 状态 备注
1 0383741   203837410   第一样本阅览室/ [索取号:G89/228] 在馆    
2 0383742   203837429   第四借阅区/ [索取号:G89/228] 在馆    
3 0383743   203837438   第四借阅区/ [索取号:G89/228] 在馆    
4 0383744   203837447   第四借阅区/ [索取号:G89/228] 在馆    
5 0383745   203837456   第四借阅区/ [索取号:G89/228] 在馆    
唐山师范学院图书馆 欢迎您!
大连网信软件有限公司© 版权所有